00905nam a22002175i 450000100060000000300090000600500170001500700030003200800410003504000140007610000750009024501300016525000120029526000770030730000330038463000600041771000350047785200360051299900170054895201220056548069ES-MaACL20250813063305.0t|940206s1897 sp ||||1| spa d aCAM bspa1 aCueto, Leopoldo Augusto de, cMarqués de Valmar, d1815-190194207710aEstudio histórico, crítico y filológico sobre las Cantigas del rey don Alfonso el Sabio / cpor el Marqués de Valmar. a2ª ed. aMadrid : bReal Academia Española, c1897 (fSucesores de Rivadeneyra) aXXII, 401, [1] p. ; c23 cm.04aCantigas de Santa María. kCrítica textual.91196662 aReal Academia Española96336 aES-MaACLjZ-95 xOlim: F-7098 c48069d48069 001040708LIBXIXaATENEOMbATENEOMcDEPOd2008-01-17eSCl0oZ-95p1050591r2023-02-23 00:00:00w2023-02-23yMONANT